BBIN Sub-Region: Perspectives on climate-water-energy nexus (Record no. 1225619)

MARC details
000 -LEADER
fixed length control field 00653nam a2200217Ia 4500
005 - DATE AND TIME OF LATEST TRANSACTION
control field 20241129104356.0
008 - FIXED-LENGTH DATA ELEMENTS--GENERAL INFORMATION
fixed length control field 241129s9999||||xx |||||||||||||| ||und||
020 ## - INTERNATIONAL STANDARD BOOK NUMBER
International Standard Book Number 9788195189458
037 ## - SOURCE OF ACQUISITION
Stock number Textual
040 ## - CATALOGING SOURCE
Original cataloging agency RTL
Language of cataloging eng
Transcribing agency RTL
041 ## - LANGUAGE CODE
Language code of text/sound track or separate title eng
Source of code eng
084 ## - COLON CLASSIFICATION NUMBER
Classification number U287.49G R4
Assigning agency RTL
100 ## - MAIN ENTRY--PERSONAL NAME
Personal name Sinha Uttam Kumar
245 #0 - TITLE STATEMENT
Title BBIN Sub-Region: Perspectives on climate-water-energy nexus
Statement of responsibility, etc. Sinha Uttam Kumar
260 ## - PUBLICATION, DISTRIBUTION, ETC.
Place of publication, distribution, etc. New Delhi
Name of publisher, distributor, etc. Pentagon Press
Date of publication, distribution, etc. 2024
300 ## - PHYSICAL DESCRIPTION
Extent xiii,176p.
365 ## - TRADE PRICE
Price type code INR
Price amount 995
650 ## - SUBJECT ADDED ENTRY--TOPICAL TERM
Topical term or geographic name entry element Climate- Water- Energy-South Asia
9 (RLIN) 726097
942 ## - ADDED ENTRY ELEMENTS (KOHA)
Koha item type Textbook
Classification part U287.49G R4
Holdings
Withdrawn status Lost status Damaged status Not for loan Home library Current library Date acquired Source of acquisition Cost, normal purchase price Inventory number Total Checkouts Full call number Barcode Date last seen Price effective from Koha item type
        Ratan Tata Library Ratan Tata Library 2024-11-29 The Book Kart 995.00 99 & 12/12/23   U287.49G R4 RT1585084 2024-11-29 2024-11-29 Textbook
Copyright @ Delhi University Library System